Welcome to the Holygrace Academy Library

Please use search bar below to get started

QUESTION AND ANSWERS DINOSAURS (Record no. 8533)

MARC details
000 -LEADER
fixed length control field 00317nam a22001217a 4500
082 ## - DEWEY DECIMAL CLASSIFICATION NUMBER
Classification number 001
Item number BUR/Q
100 ## - MAIN ENTRY--AUTHOR NAME
Personal name BURNFORD, HELEN
245 ## - TITLE STATEMENT
Title QUESTION AND ANSWERS DINOSAURS
246 ## - VARYING FORM OF TITLE
Title proper/short title QUESTION AND ANSWERS DINOSAURS
Remainder of title QUESTION AND ANSWERS DINOSAURS
260 ## - PUBLICATION, DISTRIBUTION, ETC. (IMPRINT)
Place of publication CHINA
Name of publisher BLUE BANANA
Year of publication 1999
300 ## - PHYSICAL DESCRIPTION
Number of Pages 16
942 ## - ADDED ENTRY ELEMENTS (KOHA)
Koha item type Books
Holdings
Withdrawn status Lost status Collection code Home library Current library Shelving location Date acquired Source of acquisition Full call number Accession Number Koha item type
    G.K Main Library Main Library SHELF-17B-- G.K RELATED QUIZ BOOK 02/05/2002 PURCHASED 001 BUR/Q 01500 Books